Catálogo público

Bovine surgery an lameness / A. David Weaver, Guy St. Jean y Adrian Steiner (Record no. 217182)

MARC details
000 -CABECERA
campo de control de longitud fija 00845nam a2200265Ia 4500
001 - NÚMERO DE CONTROL
campo de control Z_6904
008 - DATOS DE LONGITUD FIJA--INFORMACIÓN GENERAL
campo de control de longitud fija 220601s9999 xx 000 0 und d
020 ## - NÚMERO INTERNACIONAL ESTÁNDAR DEL LIBRO
Número Internacional Estándar del Libro 978-1-4051-2382-2 (rústica : papel alcalino)
082 ## - NÚMERO DE LA CLASIFICACIÓN DECIMAL DEWEY
Número de clasificación 636.208905 W43
100 ## - ENTRADA PRINCIPAL--NOMBRE DE PERSONA
Nombre de persona Weaver, A. David
9 (RLIN) 184556
245 ## - MENCIÓN DE TÍTULO
Título Bovine surgery an lameness / A. David Weaver, Guy St. Jean y Adrian Steiner
250 ## - MENCIÓN DE EDICIÓN
Mención de edición 2a ed.
260 ## - PUBLICACIÓN, DISTRIBUCIÓN, ETC.
Lugar de publicación, distribución, etc. Oxford, Reino Unido : Blackwell
300 ## - DESCRIPCIÓN FÍSICA
Extensión x, 278 p.
503 ## - NOTA DE HISTORIA BIBLIOGRÁFICA (BK CF MU) [OBSOLETO]
Nota de historia bibliográfica ej.1: consumo
504 ## - NOTA DE BIBLIOGRAFÍA, ETC.
Nota de bibliografía, etc. bibliografía: p. 259 - 260
650 ## - PUNTO DE ACCESO ADICIONAL DE MATERIA--TÉRMINO DE MATERIA
Término de materia o nombre geográfico como elemento de entrada 1. Ganado vacuno -- Cirugía
650 ## - PUNTO DE ACCESO ADICIONAL DE MATERIA--TÉRMINO DE MATERIA
Término de materia o nombre geográfico como elemento de entrada Cirugía veterinaria
9 (RLIN) 23436
700 ## - PUNTO DE ACCESO ADICIONAL--NOMBRE DE PERSONA
Nombre de persona St. Jean, Guy, aut. \ Steiner, Adrian, aut.Ì
9 (RLIN) 184558
901 ## - ELEMENTOS DE DATOS A LOCAL LDA (RLIN)
a 636.208905 W43
902 ## - ELEMENTOS DE DATOS B LOCAL, LDB (RLIN)
a M
905 ## - ELEMENTOS DE DATOS E LOCAL, LDE (RLIN)
a 523227 2005 xxkan 8212223322eng16
942 ## - ELEMENTOS DE PUNTO DE ACCESO ADICIONAL (KOHA)
Tipo de ítem Koha Libro_

No items available.